000
00292nam a22001337a 4500
008
181008b xxu||||| |||| 00| 0 eng d
020
_a
9780471454762
041
_a
eng
080
_2
8th
_a
338
100
_a
54
101
_a
MEN
245
_a
Management
_c
Schermerhorn,J.R
942
_2
udc
_c
BK
999
_c
48994
_d
48994